India in world affairs 1954-56 (Record no. 424274)

000 -LEADER
fixed length control field 00410cam a22001337a 4500
008 - FIXED-LENGTH DATA ELEMENTS--GENERAL INFORMATION
fixed length control field 180718b1964 xxu||||| |||| 00| 0 eng d
082 ## - DEWEY DECIMAL CLASSIFICATION NUMBER
Classification number Dx54 In2/3
100 ## - MAIN ENTRY--PERSONAL NAME
Personal name Rajan, M.S.
245 ## - TITLE STATEMENT
Title India in world affairs 1954-56
Statement of responsibility, etc. by M.S. Rajan
260 ## - PUBLICATION, DISTRIBUTION, ETC.
Place of publication, distribution, etc. Bombay
Name of publisher, distributor, etc. Asia
Date of publication, distribution, etc. 1964
300 ## - PHYSICAL DESCRIPTION
Extent xvi, 675p
500 ## - GENERAL NOTE
General note Issued under the auspices of the Indian council of world affairs
650 ## - SUBJECT ADDED ENTRY--TOPICAL TERM
Topical term or geographic name entry element India --Foreign relations
Holdings
Withdrawn status Lost status Damaged status Not for loan Permanent Location Current Location Date acquired Full call number Barcode Date last seen Price effective from Koha item type
        Indian Institute of Public Administration Indian Institute of Public Administration 2009-09-17 Dx54 In2/3 36193 2018-07-21 2018-07-21 Book

Powered by Koha